| 000 | 01463nam0a2200301 4500 | ||
|---|---|---|---|
| 001 | RU\NLR\b_ik\180211 | ||
| 005 | 20260406145544.0 | ||
| 010 |
_a978-5-9925-0314-2 _93000 |
||
| 035 | _a(NLR Aleph) 002252776 | ||
| 090 |
_a3711564 _c3711564 |
||
| 100 | _a20091105d2009 |||y0rusy50 ca | ||
| 101 | 0 | _aeng | |
| 102 | _aRU | ||
| 105 | _ay ||||||||| | ||
| 200 | 1 |
_aA diamond as big as the Ritz _eselected short stories _e[книга для чтения на английском языке] _fF. Scott Fitzgerald _gподгот. текста, коммент. и слов. Е.Г. Тигонен |
|
| 210 |
_aСанкт-Петербург _cКаро _d2009 |
||
| 215 |
_a284, [1] с. _d17 |
||
| 225 | 1 |
_aEnglish _iClassical literature |
|
| 300 | _aВ вып. дан.: Алмаз величиной с отель "Ритц": избранные рассказы / Фрэнсис Скотт Фицджеральд | ||
| 327 | 1 | _aСодерж.: The diamond as big as the Ritz; Bernice bobs her hair; The ice palace; May day; The bowl | |
| 517 | 0 |
_aАлмаз величиной с отель "Ритц" _eизбранные рассказы |
|
| 606 | 1 |
_aАнглийский язык _jКниги для чтения _9972309 _3RU\NLR\AUTH\6646032 |
|
| 686 | 1 | _aШ143.21-93рус91 | |
| 700 | 1 |
_4070 _8eng _7ba _aFitzgerald _bF. S. _f1896-1940 _gFrancis Scott _3RU\NLR\AUTH\774723 _9114700 |
|
| 801 | 0 |
_aRU _bNLR _c20091105 _gRCR |
|
| 942 | _cBOOK | ||
| 980 | _aNB | ||